|
|
|
|
| LEADER |
00557cam a2200145 7i4500 |
| 001 |
0000021691 |
| 005 |
20081021090000.0 |
| 090 |
0 |
0 |
|a U.AE 382.5
|b DUB
|
| 110 |
2 |
0 |
|a Dubai Municipality, Public Health Department Food Control Section
|
| 245 |
0 |
0 |
|a Requirements for :
|b Imported foodstuff.
|
| 260 |
0 |
0 |
|a Dubai:
|b Food Control Section Public Health Department,
|c 2006.
|
| 300 |
# |
# |
|a 43 p.
|
| 650 |
0 |
0 |
|a Imports --
|x Food --
|x Law and legislations --
|z Dubai, United Arab Emirates
|
| 651 |
0 |
0 |
|a United Arab Emirates
|
| 999 |
|
|
|a 0000020099
|b Book
|c Countries
|e Business Information Centre
|